00469nam a22001457a 450000500170000000800410001702000150005804100130007308200150008610000260010124501080012726000370023530000260027265000250029820231130103414.0231130b |||||||| |||| 00| 0 eng d a0465016146 aEnglish  a330.12 DES aDe Soto, H lEnglish  aThe Mystery of Capital : bWhy Capitalism Triumphs in the West and Fails Everywhere Else / cH De Soto aNew York : bBasic Books, c2000 b276 pages ; c26 cm.  aLegal practice bLaw